00317nam a2200133Ia 4500008004100000020001800041041000800059082001200067100001400079245003600093260002800129300000700157999001900164230822s2007 xx 000 0 und d a1 85029 574 3 aeng a741.018 aPARIKH A. aMAKING THE MOST OF SMALL SPACES bCONRAN OCTOPS LTDc2007 a80 c857981d857981